[Event "V4 OPEN - International Championship of Slovakia 2
[Site "Banska Stiavnica"]
[Date "2013.07.13"]
[Round "8"]
[Board "17"]
[White "Gunajew, Rafal"]
[Black "Repkova, Eva"]
[Result "0-1"]
[WhiteElo "2294"]
[BlackElo "2374"]
[PlyCount "0"]
[EventDate "2013.07.06"]
[EventRounds "9"]
[EventCountry "SVK"]

1. e4 {[%clk 1:30:57]} d5 {[%clk 1:28:48]} 2. exd5 {[%clk 1:31:10]} Qxd5
{[%clk 1:29:13]} 3. Nc3 Qa5 4. Bc4 {[%clk 1:30:29]} Bf5 {[%clk 1:29:57]} 5. d3
{[%clk 1:30:10]} e6 {[%clk 1:30:21]} 6. Bd2 {[%clk 1:23:59]} c6 {[%clk 1:29:33]}
7. g4 {[%clk 1:21:29]} Bg6 {[%clk 1:28:49]} 8. Qe2 {[%clk 1:16:08]} Bb4
{[%clk 1:18:48]} 9. f4 {[%clk 1:07:34]} Ne7 {[%clk 1:17:53]} 10. O-O-O
{[%clk 1:03:14]} b5 {[%clk 1:15:44]} 11. Bb3 {[%clk 1:02:54]} Qc7
{[%clk 1:09:06]} 12. Kb1 {[%clk 0:58:46]} a5 {[%clk 1:07:41]} 13. a4
{[%clk 0:56:24]} h5 {[%clk 1:07:22]} 14. Re1 {[%clk 0:38:41]} hxg4
{[%clk 1:05:40]} 15. Qxg4 {[%clk 0:37:52]} Nd7 {[%clk 1:03:51]} 16. axb5
{[%clk 0:33:38]} a4 {[%clk 1:01:16]} 17. Bxe6 {[%clk 0:30:27]} fxe6
{[%clk 0:55:08]} 18. Qxe6 {[%clk 0:30:40]} Nf8 {[%clk 0:39:21]} 19. Qxc6+
{[%clk 0:30:18]} Qxc6 {[%clk 0:39:47]} 20. bxc6 {[%clk 0:30:42]} Kf7
{[%clk 0:36:21]} 21. Nf3 {[%clk 0:28:28]} Nxc6 {[%clk 0:36:09]} 22. Ne5+
{[%clk 0:24:37]} Nxe5 {[%clk 0:36:32]} 23. fxe5 {[%clk 0:24:46]} Bf5
{[%clk 0:36:18]} 24. d4 {[%clk 0:22:27]} Ne6 {[%clk 0:30:37]} 25. d5
{[%clk 0:20:41]} Nd4 {[%clk 0:30:42]} 26. e6+ {[%clk 0:18:40]} Kg8
{[%clk 0:30:07]} 27. Kc1 {[%clk 0:11:06]} a3 {[%clk 0:29:36]} 28. e7
{[%clk 0:10:55]} axb2+ {[%clk 0:28:10]} 29. Kxb2 {[%clk 0:09:15]} Ba3+
{[%clk 0:28:23]} 30. Ka2 {[%clk 0:08:55]} Bxe7+ {[%clk 0:28:48]} 31. Kb2
{[%clk 0:09:21]} Ba3+ {[%clk 0:29:15]} 32. Ka2 {[%clk 0:09:35]} 0-1

[Event "V4 OPEN - International Championship of Slovakia 2
[Site "Banska Stiavnica"]
[Date "2013.07.13"]
[Round "8"]
[Board "18"]
[White "Zatko, Gregor"]
[Black "Pinter, Erik"]
[Result "0-1"]
[WhiteElo "2158"]
[BlackElo "2364"]
[PlyCount "0"]
[EventDate "2013.07.06"]
[EventRounds "9"]
[EventCountry "SVK"]

1. d4 {[%clk 1:29:00]} Nf6 {[%clk 0:48:27]} 2. Bf4 {[%clk 1:29:22]} g6
{[%clk 0:48:31]} 3. e3 {[%clk 1:29:44]} Bg7 {[%clk 0:48:56]} 4. Nf3
{[%clk 1:30:04]} O-O {[%clk 0:49:18]} 5. h3 {[%clk 1:29:57]} d6 {[%clk 0:49:41]}
6. Be2 {[%clk 1:30:15]} Nfd7 {[%clk 0:50:01]} 7. Bh2 {[%clk 1:30:01]} e5
{[%clk 0:50:25]} 8. c3 {[%clk 1:30:03]} Nc6 {[%clk 0:50:51]} 9. Na3
{[%clk 1:29:55]} f5 {[%clk 0:49:34]} 10. O-O {[%clk 1:25:03]} e4 {[%clk 0:49:22]}
11. Nd2 {[%clk 1:23:25]} Nf6 {[%clk 0:49:47]} 12. b4 {[%clk 1:17:51]} Ne7
{[%clk 0:49:58]} 13. Rc1 {[%clk 1:09:54]} g5 {[%clk 0:49:23]} 14. f3
{[%clk 1:07:36]} exf3 {[%clk 0:47:25]} 15. Nxf3 {[%clk 1:02:44]} Ne4
{[%clk 0:40:10]} 16. Nd2 {[%clk 0:59:48]} Nf6 {[%clk 0:34:57]} 17. c4
{[%clk 0:54:09]} f4 {[%clk 0:31:12]} 18. exf4 {[%clk 0:50:36]} gxf4
{[%clk 0:27:52]} 19. Bxf4 {[%clk 0:50:04]} Nf5 {[%clk 0:28:12]} 20. Nc2
{[%clk 0:50:14]} Qe8 {[%clk 0:23:26]} 21. Kh2 {[%clk 0:42:29]} h5
{[%clk 0:20:26]} 22. d5 {[%clk 0:38:29]} h4 {[%clk 0:17:04]} 23. Bf3
{[%clk 0:36:38]} Qg6 {[%clk 0:14:31]} 24. Ne4 {[%clk 0:34:06]} Bd7
{[%clk 0:12:11]} 25. Re1 {[%clk 0:31:18]} Rae8 {[%clk 0:11:22]} 26. Nxf6+
{[%clk 0:30:20]} Qxf6 {[%clk 0:09:42]} 27. Rxe8 {[%clk 0:29:42]} Bxe8
{[%clk 0:06:59]} 28. Qd2 {[%clk 0:27:19]} Qb2 {[%clk 0:07:05]} 29. Be4
{[%clk 0:25:04]} Ng3 {[%clk 0:07:01]} 30. Bd3 {[%clk 0:24:27]} Nh5
{[%clk 0:03:31]} 31. Be3 {[%clk 0:22:29]} Qe5+ {[%clk 0:02:42]} 32. Kg1
{[%clk 0:22:41]} Qg3 {[%clk 0:02:24]} 33. Rf1 {[%clk 0:19:41]} Rxf1+
{[%clk 0:01:57]} 34. Kxf1 {[%clk 0:18:15]} Be5 {[%clk 0:01:18]} 35. Qf2
{[%clk 0:16:45]} Nf4 {[%clk 0:01:24]} 36. Qxg3+ {[%clk 0:14:00]} hxg3
{[%clk 0:01:50]} 37. Ne1 {[%clk 0:11:49]} Nxd3 {[%clk 0:01:01]} 38. Nxd3
{[%clk 0:12:15]} Bc3 {[%clk 0:01:10]} 39. b5 {[%clk 0:11:00]} Bg6
{[%clk 0:00:51]} 40. Nf4 {[%clk 0:09:18]} Bb1 {[%clk 0:00:58]} 41. Ke2
{[%clk 0:09:29]} Bxa2 {[%clk 0:27:37]} 42. Kd3 {[%clk 0:40:48]} Be5
{[%clk 0:28:03]} 43. h4 {[%clk 0:36:13]} Bb1+ {[%clk 0:27:19]} 44. Ke2
{[%clk 0:36:00]} a5 {[%clk 0:27:03]} 45. bxa6 {[%clk 0:35:59]} bxa6
{[%clk 0:27:28]} 46. Ne6 {[%clk 0:35:29]} a5 {[%clk 0:25:03]} 47. Nxc7
{[%clk 0:33:20]} Be4 {[%clk 0:23:53]} 48. c5 {[%clk 0:32:30]} dxc5
{[%clk 0:23:58]} 49. Nb5 {[%clk 0:32:04]} Bxd5 {[%clk 0:24:05]} 50. Bxc5
{[%clk 0:32:25]} Bc4+ {[%clk 0:24:28]} 0-1

[Event "V4 OPEN - International Championship of Slovakia 2
[Site "Banska Stiavnica"]
[Date "2013.07.13"]
[Round "8"]
[Board "19"]
[White "Nasuta, Grzegorz"]
[Black "Danada, Tomas"]
[Result "1-0"]
[WhiteElo "2353"]
[BlackElo "2085"]
[PlyCount "0"]
[EventDate "2013.07.06"]
[EventRounds "9"]
[EventCountry "SVK"]

1. e4 {[%clk 1:30:58]} e5 {[%clk 0:47:23]} 2. Nf3 {[%clk 1:31:21]} Nc6
{[%clk 0:47:52]} 3. Bb5 {[%clk 1:31:40]} f5 {[%clk 0:46:05]} 4. Nc3
{[%clk 1:31:37]} fxe4 {[%clk 0:46:30]} 5. Nxe4 {[%clk 1:32:02]} Nf6
{[%clk 0:46:31]} 6. Qe2 {[%clk 1:10:34]} d5 {[%clk 0:42:04]} 7. Nxf6+
{[%clk 1:04:16]} gxf6 {[%clk 0:40:35]} 8. d4 {[%clk 0:42:15]} Bg7
{[%clk 0:33:54]} 9. dxe5 {[%clk 0:38:36]} O-O {[%clk 0:30:38]} 10. e6
{[%clk 0:33:29]} Ne5 {[%clk 0:20:18]} 11. Be3 {[%clk 0:25:28]} Bxe6
{[%clk 0:18:23]} 12. O-O-O {[%clk 0:24:46]} c6 {[%clk 0:17:38]} 13. Bd3
{[%clk 0:22:51]} Qa5 {[%clk 0:17:55]} 14. Nd4 {[%clk 0:14:16]} Bg4
{[%clk 0:15:08]} 15. f3 {[%clk 0:14:44]} Bh5 {[%clk 0:14:48]} 16. Kb1
{[%clk 0:13:19]} Rae8 {[%clk 0:13:41]} 17. Qf2 Bg6 {[%clk 0:12:14]} 18. Nb3
{[%clk 0:03:53]} Qc7 {[%clk 0:12:12]} 19. Bxg6 {[%clk 0:04:00]} hxg6
{[%clk 0:12:40]} 20. h4 {[%clk 0:04:21]} Nc4 {[%clk 0:12:45]} 21. Bc1
{[%clk 0:04:31]} Rf7 {[%clk 0:09:33]} 22. h5 {[%clk 0:03:56]} gxh5
{[%clk 0:09:46]} 23. Rxh5 {[%clk 0:03:29]} Rfe7 {[%clk 0:10:10]} 24. Rdh1
{[%clk 0:02:30]} a5 {[%clk 0:08:22]} 25. Qh4 {[%clk 0:02:41]} a4 {[%clk 0:08:51]}
26. Nd4 {[%clk 0:01:44]} Qb6 {[%clk 0:07:05]} 27. Rh8+ {[%clk 0:02:04]} Bxh8
{[%clk 0:07:26]} 28. Qxh8+ {[%clk 0:02:32]} Kf7 {[%clk 0:07:54]} 29. Qh7+
{[%clk 0:02:54]} Kf8 {[%clk 0:08:11]} 30. Bh6+ {[%clk 0:03:19]} 1-0

[Event "V4 OPEN - International Championship of Slovakia 2
[Site "Banska Stiavnica"]
[Date "2013.07.13"]
[Round "8"]
[Board "20"]
[White "Peitl, Tomas"]
[Black "Kocetkova, Julia"]
[Result "0-1"]
[WhiteElo "2211"]
[BlackElo "2328"]
[PlyCount "0"]
[EventDate "2013.07.06"]
[EventRounds "9"]
[EventCountry "SVK"]

1. e4 {[%clk 0:49:18]} d6 {[%clk 1:30:53]} 2. d4 {[%clk 0:49:43]} Nf6
{[%clk 1:31:18]} 3. Nc3 {[%clk 0:50:06]} e5 {[%clk 1:30:29]} 4. dxe5
{[%clk 0:49:17]} dxe5 {[%clk 1:30:59]} 5. Qxd8+ {[%clk 0:49:37]} Kxd8
{[%clk 1:31:27]} 6. Bg5 {[%clk 0:48:38]} Be6 {[%clk 1:31:52]} 7. O-O-O+
{[%clk 0:45:29]} Nbd7 {[%clk 1:32:14]} 8. Nf3 {[%clk 0:45:32]} Kc8
{[%clk 1:31:59]} 9. a3 {[%clk 0:43:03]} c6 {[%clk 1:28:04]} 10. Bh4
{[%clk 0:40:27]} Kc7 {[%clk 1:18:15]} 11. Bg3 {[%clk 0:29:03]} Bd6
{[%clk 1:18:09]} 12. Ng5 {[%clk 0:26:45]} Rhe8 {[%clk 1:11:36]} 13. Nxe6+
{[%clk 0:22:20]} Rxe6 {[%clk 1:11:20]} 14. Bc4 {[%clk 0:22:21]} Re7
{[%clk 1:11:45]} 15. Rd2 {[%clk 0:08:31]} Nh5 {[%clk 1:04:24]} 16. Bh4
{[%clk 0:07:06]} f6 {[%clk 1:01:47]} 17. Rhd1 {[%clk 0:07:04]} Bc5
{[%clk 1:01:43]} 18. Ne2 {[%clk 0:03:10]} Nf4 {[%clk 1:00:28]} 19. Bg3
{[%clk 0:03:11]} Nxg2 {[%clk 0:48:45]} 20. b4 {[%clk 0:03:08]} Bb6
{[%clk 0:48:25]} 21. Be6 {[%clk 0:03:18]} Nf8 {[%clk 0:45:39]} 22. Bh3
{[%clk 0:03:31]} Ne3 {[%clk 0:46:02]} 23. fxe3 {[%clk 0:02:47]} Bxe3
{[%clk 0:45:59]} 24. Kb2 {[%clk 0:02:44]} Bxd2 {[%clk 0:46:22]} 25. Rxd2
{[%clk 0:03:10]} Ne6 {[%clk 0:44:54]} 26. Bf2 {[%clk 0:01:28]} Rd8
{[%clk 0:38:14]} 27. Rxd8 {[%clk 0:01:42]} Nxd8 {[%clk 0:38:43]} 28. Bc5
{[%clk 0:01:11]} Re8 {[%clk 0:39:03]} 29. Ng3 {[%clk 0:00:55]} g6
{[%clk 0:38:02]} 30. Bf1 {[%clk 0:00:42]} Ne6 {[%clk 0:37:28]} 31. Be3
{[%clk 0:00:42]} Rd8 {[%clk 0:36:39]} 32. Bc4 {[%clk 0:00:38]} Nd4
{[%clk 0:36:49]} 33. Bxd4 {[%clk 0:00:42]} Rxd4 {[%clk 0:36:54]} 34. Bd3
{[%clk 0:01:08]} Rd8 {[%clk 0:35:48]} 35. Kc3 {[%clk 0:01:13]} Kd6
{[%clk 0:35:45]} 36. Nf1 {[%clk 0:00:53]} b5 {[%clk 0:32:15]} 37. Ne3
{[%clk 0:01:02]} Ke6 {[%clk 0:32:20]} 38. Kd2 {[%clk 0:00:37]} a5
{[%clk 0:31:23]} 39. bxa5 {[%clk 0:00:41]} Ra8 {[%clk 0:31:50]} 40. c4
{[%clk 0:00:56]} Rxa5 {[%clk 0:31:16]} 41. cxb5 {[%clk 0:28:57]} cxb5
{[%clk 1:02:12]} 42. Nc2 {[%clk 0:29:15]} Kd6 {[%clk 1:02:00]} 43. Kc3
{[%clk 0:29:31]} Kc5 {[%clk 1:02:23]} 44. Kb3 {[%clk 0:28:27]} Ra7
{[%clk 1:00:50]} 45. Kc3 {[%clk 0:26:55]} Rxa3+ {[%clk 0:58:06]} 46. Nxa3
{[%clk 0:26:59]} b4+ {[%clk 0:58:35]} 47. Kb3 {[%clk 0:27:01]} bxa3
{[%clk 0:59:00]} 48. Kxa3 {[%clk 0:26:09]} Kd4 {[%clk 0:59:13]} 49. Bc2
{[%clk 0:22:36]} g5 {[%clk 0:57:20]} 50. Kb2 {[%clk 0:22:08]} h5 {[%clk 0:57:13]}
51. Kc1 {[%clk 0:19:26]} Ke3 {[%clk 0:57:21]} 52. Kd1 {[%clk 0:18:31]} Kf2
{[%clk 0:57:40]} 53. Bb3 {[%clk 0:17:58]} g4 {[%clk 0:58:00]} 0-1

[Event "V4 OPEN - International Championship of Slovakia 2
[Site "Banska Stiavnica"]
[Date "2013.07.13"]
[Round "8"]
[Board "21"]
[White "Oszczanowski, Witold"]
[Black "Korpa, Bence"]
[Result "0-1"]
[WhiteElo "1936"]
[BlackElo "2308"]
[PlyCount "0"]
[EventDate "2013.07.06"]
[EventRounds "9"]
[EventCountry "SVK"]

1. e4 {[%clk 1:25:30]} c5 {[%clk 1:30:48]} 2. Nf3 {[%clk 1:25:17]} Nc6
{[%clk 1:30:58]} 3. d4 {[%clk 1:25:07]} cxd4 {[%clk 1:31:20]} 4. Nxd4
{[%clk 1:25:32]} Qc7 {[%clk 1:31:36]} 5. Nc3 {[%clk 1:19:04]} e6 {[%clk 1:31:55]}
6. Be2 {[%clk 1:15:33]} a6 {[%clk 1:32:07]} 7. O-O {[%clk 1:11:09]} Nf6
{[%clk 1:32:26]} 8. Kh1 {[%clk 1:04:29]} Nxd4 {[%clk 1:31:31]} 9. Qxd4
{[%clk 1:04:23]} Bc5 {[%clk 1:31:51]} 10. Qd3 {[%clk 1:03:41]} b5
{[%clk 1:31:40]} 11. f4 {[%clk 0:50:16]} h5 {[%clk 1:31:30]} 12. Qg3
{[%clk 0:39:34]} Kf8 {[%clk 1:15:09]} 13. e5 {[%clk 0:36:57]} Ng4
{[%clk 1:15:07]} 14. Ne4 {[%clk 0:30:07]} Bb7 {[%clk 1:12:58]} 15. Nxc5
{[%clk 0:29:26]} Qxc5 {[%clk 1:13:16]} 16. Bxg4 {[%clk 0:25:11]} hxg4
{[%clk 1:13:37]} 17. Be3 {[%clk 0:25:23]} Qxc2 {[%clk 1:06:34]} 18. Qxg4
{[%clk 0:25:33]} f5 {[%clk 1:03:49]} 19. exf6 {[%clk 0:23:58]} gxf6
{[%clk 1:02:55]} 20. Rac1 {[%clk 0:13:43]} Qh7 {[%clk 1:01:59]} 21. Qg3
{[%clk 0:10:48]} Rg8 {[%clk 1:00:07]} 22. Qf2 {[%clk 0:10:51]} Bxg2+
{[%clk 0:59:31]} 23. Qxg2 {[%clk 0:10:51]} Rxg2 {[%clk 0:59:52]} 24. Kxg2
{[%clk 0:11:18]} Kf7 {[%clk 0:58:52]} 0-1

[Event "V4 OPEN - International Championship of Slovakia 2
[Site "Banska Stiavnica"]
[Date "2013.07.13"]
[Round "8"]
[Board "22"]
[White "Farkas, Gabor"]
[Black "Rabovszky, Gyorgy"]
[Result "1-0"]
[WhiteElo "2359"]
[BlackElo "1923"]
[PlyCount "0"]
[EventDate "2013.07.06"]
[EventRounds "9"]
[EventCountry "SVK"]

1. e4 {[%clk 1:29:25]} e5 {[%clk 1:30:23]} 2. f4 {[%clk 1:28:28]} d5
{[%clk 1:28:27]} 3. exd5 {[%clk 1:28:50]} Nf6 {[%clk 1:26:13]} 4. fxe5
{[%clk 1:27:48]} Nxd5 {[%clk 1:26:29]} 5. Nf3 {[%clk 1:27:32]} Be7
{[%clk 1:22:11]} 6. d4 {[%clk 1:25:26]} Bg4 {[%clk 0:59:48]} 7. Be2
{[%clk 1:21:16]} c5 {[%clk 0:50:58]} 8. c4 {[%clk 1:19:31]} Qa5+ {[%clk 0:43:26]}
9. Bd2 {[%clk 1:18:40]} Nb4 {[%clk 0:43:31]} 10. d5 {[%clk 1:14:37]} Bxf3
{[%clk 0:39:51]} 11. Bxf3 {[%clk 1:14:48]} Nd7 {[%clk 0:26:44]} 12. d6
{[%clk 1:10:58]} Nxe5 {[%clk 0:14:38]} 13. dxe7 {[%clk 1:09:55]} Nbd3+
{[%clk 0:13:44]} 14. Kf1 {[%clk 1:08:33]} Qa6 {[%clk 0:14:00]} 15. Qb3
{[%clk 1:06:53]} Nxf3 {[%clk 0:09:33]} 16. Qxd3 {[%clk 1:04:55]} Ne5
{[%clk 0:09:32]} 17. Qe2 {[%clk 1:02:34]} Qxc4 {[%clk 0:08:40]} 18. Qxc4
{[%clk 1:02:31]} Nxc4 {[%clk 0:09:08]} 19. b3 {[%clk 1:02:25]} Nxd2+
{[%clk 0:09:23]} 20. Nxd2 {[%clk 1:02:50]} Kxe7 {[%clk 0:09:41]} 21. Re1+
{[%clk 1:03:11]} Kf6 {[%clk 0:09:51]} 22. Ne4+ {[%clk 1:03:34]} Kg6
{[%clk 0:09:23]} 23. Nxc5 {[%clk 1:03:49]} Rac8 {[%clk 0:09:42]} 24. Nd3
{[%clk 1:04:10]} Rhd8 {[%clk 0:09:48]} 25. Nf4+ {[%clk 1:03:16]} Kf5
{[%clk 0:09:07]} 26. g3 {[%clk 1:03:26]} g5 {[%clk 0:07:48]} 27. Ng2
{[%clk 1:03:39]} Rd2 {[%clk 0:05:26]} 28. Ne3+ {[%clk 1:02:43]} Kg6
{[%clk 0:05:37]} 29. Rg1 {[%clk 1:02:51]} Rxa2 {[%clk 0:04:57]} 30. Rg2
{[%clk 1:00:46]} Ra3 {[%clk 0:04:44]} 31. b4 {[%clk 0:59:19]} Rcc3
{[%clk 0:02:45]} 32. Rge2 {[%clk 0:59:31]} Rab3 {[%clk 0:02:41]} 33. Nd5
{[%clk 0:59:31]} Rf3+ {[%clk 0:02:01]} 34. Kg2 {[%clk 0:59:08]} h5
{[%clk 0:01:45]} 35. Rf2 {[%clk 0:57:33]} Rxf2+ {[%clk 0:01:38]} 36. Kxf2
{[%clk 0:57:55]} b6 {[%clk 0:01:57]} 37. Re3 {[%clk 0:57:04]} Rb2+
{[%clk 0:01:51]} 38. Re2 {[%clk 0:57:26]} Rb3 {[%clk 0:02:12]} 39. Ra2
{[%clk 0:57:46]} a5 {[%clk 0:02:13]} 40. bxa5 {[%clk 0:57:29]} bxa5
{[%clk 0:02:03]} 41. Ne3 {[%clk 0:55:25]} Rb5 {[%clk 0:29:04]} 42. Nc4
{[%clk 1:26:37]} f5 {[%clk 0:27:16]} 43. Rxa5 {[%clk 1:26:38]} Rxa5
{[%clk 0:24:33]} 44. Nxa5 {[%clk 1:27:01]} g4 {[%clk 0:14:15]} 45. Ke3
{[%clk 1:27:20]} Kg5 {[%clk 0:13:34]} 46. Nc4 {[%clk 1:27:39]} h4
{[%clk 0:12:12]} 47. Ne5 {[%clk 1:27:58]} f4+ {[%clk 0:04:54]} 48. gxf4+
{[%clk 1:28:22]} Kf5 {[%clk 0:05:22]} 49. Nf3 {[%clk 1:28:27]} h3
{[%clk 0:02:32]} 50. Nh4+ {[%clk 1:28:46]} 1-0

[Event "V4 OPEN - International Championship of Slovakia 2
[Site "Banska Stiavnica"]
[Date "2013.07.13"]
[Round "8"]
[Board "23"]
[White "Motuz, Karol"]
[Black "Harvan, Richard"]
[Result "1/2-1/2"]
[WhiteElo "2361"]
[BlackElo "2054"]
[PlyCount "0"]
[EventDate "2013.07.06"]
[EventRounds "9"]
[EventCountry "SVK"]

1. d4 {[%clk 1:30:59]} Nf6 {[%clk 1:30:39]} 2. Nf3 {[%clk 1:31:25]} e6
{[%clk 1:30:58]} 3. e3 {[%clk 1:31:36]} b6 {[%clk 1:25:44]} 4. Bd3
{[%clk 1:31:44]} Bb7 {[%clk 1:26:05]} 5. O-O {[%clk 1:32:05]} d5 {[%clk 1:26:00]}
6. b3 {[%clk 1:31:46]} Nbd7 {[%clk 1:26:13]} 7. Bb2 {[%clk 1:32:08]} Bd6
{[%clk 1:21:24]} 8. c4 {[%clk 1:32:18]} O-O {[%clk 1:19:42]} 9. Qe2
{[%clk 1:31:58]} c5 {[%clk 1:13:00]} 10. Ne5 {[%clk 1:27:52]} Qc7
{[%clk 1:04:56]} 11. f4 {[%clk 1:24:05]} Ne4 {[%clk 1:01:19]} 12. Nxd7
{[%clk 1:16:14]} Qxd7 {[%clk 1:01:38]} 13. Bxe4 {[%clk 1:16:00]} dxe4
{[%clk 1:02:05]} 14. dxc5 {[%clk 1:14:29]} bxc5 {[%clk 0:57:19]} 15. Nc3
{[%clk 1:11:14]} a6 {[%clk 0:49:35]} 16. Rad1 {[%clk 1:05:32]} Qc7
{[%clk 0:46:46]} 17. Rd2 {[%clk 0:55:23]} f5 {[%clk 0:44:29]} 18. Qd1
{[%clk 0:53:25]} Rad8 {[%clk 0:41:10]} 19. Ne2 {[%clk 0:51:21]} Rd7
{[%clk 0:36:09]} 20. Qc1 {[%clk 0:46:00]} Rfd8 {[%clk 0:25:44]} 21. Rfd1
{[%clk 0:44:27]} Bf8 {[%clk 0:22:37]} 22. Be5 {[%clk 0:43:30]} Qc6
{[%clk 0:21:07]} 23. Rxd7 {[%clk 0:42:28]} Rxd7 {[%clk 0:20:26]} 24. Rxd7
{[%clk 0:41:23]} Qxd7 {[%clk 0:20:13]} 25. Kf2 {[%clk 0:39:42]} Qd3
{[%clk 0:18:28]} 26. Qc3 {[%clk 0:29:34]} Qd8 {[%clk 0:12:16]} 27. h3
{[%clk 0:24:43]} Bc6 {[%clk 0:10:56]} 28. a3 {[%clk 0:19:22]} Qb6
{[%clk 0:07:00]} 29. Qd2 {[%clk 0:17:25]} Qxb3 {[%clk 0:04:15]} 30. Qd8
{[%clk 0:11:38]} Qb7 {[%clk 0:01:56]} 31. Bd6 Qa8 32. Qc7 {[%clk 0:04:10]} Qb7
{[%clk 0:02:18]} 33. Qd8 {[%clk 0:03:10]} Qa8 {[%clk 0:02:42]} 34. Qc7
{[%clk 0:01:05]} Qb7 {[%clk 0:02:59]} 1/2-1/2

[Event "V4 OPEN - International Championship of Slovakia 2
[Site "Banska Stiavnica"]
[Date "2013.07.13"]
[Round "8"]
[Board "24"]
[White "Kantorik, Marian"]
[Black "Holeczy, Martin"]
[Result "1/2-1/2"]
[WhiteElo "2331"]
[BlackElo "2015"]
[PlyCount "0"]
[EventDate "2013.07.06"]
[EventRounds "9"]
[EventCountry "SVK"]

1. d4 {[%clk 1:30:58]} Nf6 {[%clk 1:31:04]} 2. c4 {[%clk 1:31:22]} g6
{[%clk 1:30:39]} 3. f3 c5 {[%clk 1:30:58]} 4. d5 {[%clk 1:32:11]} d6
{[%clk 1:31:17]} 5. e4 {[%clk 1:32:35]} Bg7 6. Nc3 {[%clk 1:32:57]} O-O
{[%clk 1:31:27]} 7. Bd3 {[%clk 1:33:21]} Re8 {[%clk 1:27:02]} 8. Nge2 e6
{[%clk 1:23:35]} 9. Bg5 {[%clk 1:31:58]} Qa5 {[%clk 1:15:21]} 10. O-O
{[%clk 1:31:56]} exd5 {[%clk 1:07:42]} 11. exd5 {[%clk 1:28:00]} a6
{[%clk 1:07:42]} 12. a4 {[%clk 1:26:39]} Nbd7 {[%clk 0:50:31]} 13. f4 Ng4 14. Rf3
{[%clk 1:21:36]} f5 {[%clk 0:50:43]} 15. Qd2 {[%clk 1:13:39]} b5 16. h3
{[%clk 1:11:29]} bxc4 {[%clk 0:38:02]} 17. Bxc4 {[%clk 1:10:11]} Ngf6 18. Re3 Ne4
{[%clk 0:31:26]} 19. Qd3 {[%clk 1:10:21]} Ndf6 {[%clk 0:26:50]} 20. Bxf6
{[%clk 0:52:52]} Bxf6 {[%clk 0:26:33]} 21. Kh2 {[%clk 0:38:22]} Bd7
{[%clk 0:19:58]} 22. Re1 {[%clk 0:34:46]} Nf2 {[%clk 0:20:17]} 23. Qd2
{[%clk 0:34:28]} Ne4 {[%clk 0:20:40]} 24. Qd3 Nf2 {[%clk 0:21:04]} 25. Qd2
{[%clk 0:34:33]} Ne4 26. Qd3 Nf2 1/2-1/2

[Event "V4 OPEN - International Championship of Slovakia 2
[Site "Banska Stiavnica"]
[Date "2013.07.13"]
[Round "8"]
[Board "25"]
[White "Petran, Peter"]
[Black "Puskar, Jan"]
[Result "1/2-1/2"]
[WhiteElo "2324"]
[BlackElo "2014"]
[PlyCount "0"]
[EventDate "2013.07.06"]
[EventRounds "9"]
[EventCountry "SVK"]

1. Nf3 {[%clk 1:30:57]} Nf6 {[%clk 1:30:44]} 2. c4 {[%clk 1:31:21]} c6
{[%clk 1:30:57]} 3. b3 {[%clk 1:31:46]} d5 {[%clk 1:30:28]} 4. Bb2
{[%clk 1:32:13]} Bg4 {[%clk 1:29:56]} 5. e3 {[%clk 1:32:34]} Nbd7
{[%clk 1:29:12]} 6. Be2 {[%clk 1:32:58]} e6 {[%clk 1:29:20]} 7. O-O
{[%clk 1:33:15]} Bd6 {[%clk 1:28:04]} 8. Ba3 {[%clk 1:25:20]} Qe7
{[%clk 1:26:18]} 9. Bxd6 {[%clk 1:25:43]} Qxd6 {[%clk 1:26:43]} 10. d4
{[%clk 1:25:32]} O-O {[%clk 1:26:19]} 11. Nc3 {[%clk 1:25:09]} Rad8
{[%clk 1:20:34]} 12. Qc2 {[%clk 1:25:07]} Qa3 {[%clk 1:19:01]} 13. Qc1
{[%clk 1:23:13]} Qxc1 {[%clk 1:09:57]} 14. Rfxc1 {[%clk 1:23:40]} Ne4
{[%clk 1:10:16]} 15. cxd5 {[%clk 1:23:01]} exd5 {[%clk 1:09:09]} 16. Kf1
{[%clk 1:20:06]} Bxf3 {[%clk 0:54:25]} 17. Bxf3 {[%clk 1:18:52]} Nxc3
{[%clk 0:54:47]} 18. Rxc3 {[%clk 1:19:04]} f5 {[%clk 0:54:37]} 19. g3
{[%clk 1:18:50]} Kf7 {[%clk 0:49:32]} 20. Be2 {[%clk 1:18:46]} Ke7
{[%clk 0:49:22]} 21. Bd3 {[%clk 1:17:14]} g6 {[%clk 0:45:51]} 22. Ke2
{[%clk 1:17:28]} Kd6 {[%clk 0:46:06]} 23. b4 {[%clk 1:16:13]} a6 {[%clk 0:45:57]}
24. a4 {[%clk 1:14:19]} Ra8 {[%clk 0:45:23]} 25. Rca3 {[%clk 1:13:46]} Nb6
{[%clk 0:42:31]} 26. a5 {[%clk 1:13:42]} Nd7 {[%clk 0:42:44]} 27. h3
{[%clk 1:13:59]} Rae8 {[%clk 0:41:18]} 28. Rg1 {[%clk 1:13:20]} Re7
{[%clk 0:39:10]} 29. Kd2 {[%clk 1:12:56]} Nf6 {[%clk 0:37:30]} 30. f3
{[%clk 1:13:01]} Rfe8 {[%clk 0:37:31]} 31. Bc2 {[%clk 1:12:54]} h5
{[%clk 0:36:49]} 32. Rg2 {[%clk 1:03:12]} Rh8 {[%clk 0:35:30]} 33. Ra1
{[%clk 1:03:04]} Rhe8 {[%clk 0:35:46]} 34. Re2 {[%clk 1:02:20]} Rh8
{[%clk 0:35:22]} 35. Rg1 {[%clk 1:02:28]} Rhe8 {[%clk 0:35:09]} 36. Bd3
{[%clk 1:01:00]} Rh8 {[%clk 0:34:04]} 37. Rf1 {[%clk 0:59:17]} Rf8
{[%clk 0:30:20]} 38. Ref2 {[%clk 0:57:44]} Rfe8 {[%clk 0:29:55]} 39. Re1
{[%clk 0:50:57]} Rf8 {[%clk 0:26:07]} 40. Ree2 {[%clk 0:50:46]} Ref7
{[%clk 0:22:21]} 41. Rg2 {[%clk 0:49:00]} Re7 {[%clk 0:20:05]} 42. Ref2
{[%clk 0:41:30]} Ref7 {[%clk 0:16:04]} 43. Re2 {[%clk 0:38:52]} Re7
{[%clk 0:15:59]} 44. Rg1 {[%clk 0:39:17]} Rg8 {[%clk 0:14:21]} 45. g4
{[%clk 0:39:04]} hxg4 {[%clk 0:12:44]} 46. hxg4 {[%clk 0:39:25]} fxg4
{[%clk 0:12:55]} 47. fxg4 {[%clk 0:39:50]} Rgg7 {[%clk 0:06:14]} 48. g5
{[%clk 0:36:44]} Ne8 {[%clk 0:02:48]} 49. Rf2 {[%clk 0:35:38]} Nc7
{[%clk 0:01:13]} 50. Rf6+ {[%clk 0:34:29]} Re6 {[%clk 0:01:00]} 51. Rgf1
{[%clk 0:34:46]} Ke7 {[%clk 0:30:42]} 52. Rf8 {[%clk 1:03:27]} Ne8
{[%clk 0:30:33]} 53. Rh8 {[%clk 0:48:41]} Rf7 {[%clk 0:26:39]} 54. Rf4
{[%clk 0:47:18]} Rxf4 {[%clk 0:21:25]} 55. exf4 {[%clk 0:47:42]} Nd6
{[%clk 0:21:51]} 56. Rh7+ {[%clk 0:47:43]} Kf8 {[%clk 0:21:22]} 57. Rd7
{[%clk 0:45:55]} Kg8 {[%clk 0:20:39]} 58. Bf1 {[%clk 0:44:07]} Kf8
{[%clk 0:19:18]} 59. Bh3 {[%clk 0:43:39]} Nc4+ {[%clk 0:18:55]} 60. Kd1
{[%clk 0:43:38]} Re7 {[%clk 0:16:06]} 61. Rxe7 {[%clk 0:42:54]} Kxe7
{[%clk 0:16:28]} 62. Ke2 {[%clk 0:43:18]} Nd6 {[%clk 0:15:15]} 63. Ke3
{[%clk 0:39:37]} Kf7 {[%clk 0:14:35]} 64. Kf3 {[%clk 0:38:57]} Nb5
{[%clk 0:14:45]} 65. Ke3 {[%clk 0:38:32]} Nd6 {[%clk 0:15:11]} 66. Bd7
{[%clk 0:30:43]} Ke7 {[%clk 0:15:34]} 67. Bg4 {[%clk 0:31:02]} Kf7
{[%clk 0:15:58]} 68. Bh3 {[%clk 0:31:27]} Ke7 {[%clk 0:16:22]} 69. Bg4
{[%clk 0:16:05]} Kf7 {[%clk 0:16:39]} 1/2-1/2